Dan luan ngon ngu hoc /

Đã lưu trong:
Sonraí Bibleagrafaíochta
Príomhúdar: Nguyen Thien Giap Chu bien
Údair Eile: Đoan Thien Thuat Nguyen Minh Thuyet
Formáid: Luận văn Leabhar
Teanga:Vietnamese
Foilsithe: -H. : nxb Giao dục, 2012.
Ábhair:
Clibeanna: Cuir Clib Leis
Gan Chlibeanna, Bí ar an gcéad duine leis an taifead seo a chlibeáil!
Thư viện lưu trữ: Mạng thư viện Đại học Đà Nẵng
LEADER 01165nam a22003251a 4500
001 000034203
003 10395
005 20220520101926.0
008 151027s2012 000 vie
040 |a LNN 
080 |a VIE 
082 |a 495.92401  |b NG-G 
100 |a Nguyen Thien Giap  |b Chu bien 
245 0 |a Dan luan ngon ngu hoc /  |c Nguyen Thien Giap. 
260 |a -H. :  |b nxb Giao dục,  |c 2012. 
300 |a 30cm :  |b 323tr. 
502 |a Giao trinh Dan luan ngon ngu 
650 |a Ngon ngu hoc  |b Dan luan ngon ngư  |x Ban chat,chua nang ngon ngu  |y Nguon goc va sư phat trien ngon ngư  |x Tư vưng,ngu am, ngu phap 
653 |a Dan luan ngon ngu hoc,2012 
700 |a Đoan Thien Thuat  |b Nguyen Minh Thuyet 
802 |a GTTV 
OWN |a LNN 
AVA |a UDN50  |b LNN  |d 495.9240 1NG-G  |e available  |t Error 5001 Not defined in file expand_doc_bib_avail.  |f 2  |g 0  |h N  |i 3 
999 |a From the UDN01 
AVA |a UDN50  |b LNN  |d 495.9240 1NG-G  |e available  |t Error 5001 Not defined in file expand_doc_bib_avail.  |f 2  |g 0  |h N  |i 3 
TYP |a Dissertation 
TYP |a Monograph 
980 |a Mạng thư viện Đại học Đà Nẵng